00943nam a22001937a 450000500170000000800410001704000290005804100080008708200120009510000370010724200430014424500360018726001380022330000300036150002910039150600210068265000250070365000210072820240122091756.0150722n fr ||||fr|||| 00| f fre d cSandra YazodSandra Yazo0 afre04220a8431 aPaleólogue, Mauriced1859-194403aEl ciliciocMauricio Paléologueyspa13aLe cilicecMaurice Paléologue aParís (Francia)bPlon-Nourrit et Cie, Imprimeurs Éditeurs [Plon-Nourrit y Compañía. Impresores-Editores]c[fecha desconocida] a284 páginasc17 x 12 cm aDetalles físicos: Encuadernación rígida (holandesa) en cartón forrado en papel. Lomo de tela con adornos en dorado. Guardas. Anteportada. Portada impresa en una sola tinta con un Grabado con emblema de la casa editora. Texto impreso en una columna. Ejemplar en muy buen estado aConsulta en sala 7aLiteratura francesa  7aNovela francesa